[Event "Kishinev Interzonal (Women)"]
[Site "Kishinev"]
[Date "1995.??.??"]
[Round "2"]
[White "Foisor, Cristina Adela B"]
[Black "Ioseliani, Nana"]
[Result "1/2-1/2"]
[WhiteElo "2345"]
[BlackElo "2475"]

1.g3 d5 2.Nf3 Nf6 3.Bg2 e6 4.c4 Be7 5.O-O O-O 6.d4 b6 7.Nc3 Bb7 8.Ne5 Na6
9.b3 c5 10.dxc5 Nxc5 11.cxd5 exd5 12.Nf3 Nfe4 13.Bb2 Bf6 14.Rc1 Ne6 15.Rc2 Rc8
16.Nb5 Bxb2 17.Rxb2 Qf6 18.Nbd4 Rfe8 19.Re1 Rc3 20.e3 Ba6  1/2-1/2

[Event "Kishinev Interzonal (Women)"]
[Site "Kishinev"]
[Date "1995.??.??"]
[Round "4"]
[White "Foisor, Cristina Adela B"]
[Black "Matveeva, Svetlana"]
[Result "1/2-1/2"]
[WhiteElo "2345"]
[BlackElo "2440"]

1.g3 d5 2.Nf3 Nf6 3.Bg2 c6 4.O-O Bf5 5.d3 h6 6.b3 e6 7.Bb2 Nbd7 8.Nbd2 a5
9.a3 Bh7 10.Qe1 Be7 11.e4 O-O 12.Qe2 Qb6 13.Rab1 Rfd8 14.e5 Ne8 15.Kh1 Nc7
16.Ne1 Nb5 17.a4 Nd4 18.Qg4 Nf5 19.Qe2 Nd4 20.Qg4 Bc5 21.Ndf3 Nf5 22.Kg1 Rf8
23.Qf4 Rae8 24.g4 Ne3 25.d4 Nxg2 26.Nxg2 Be7 27.Ne3 f6 28.Qg3 fxe5 29.dxe5 Bc5
30.Ne1 Rf7 31.N1g2 Ref8 32.g5 hxg5 33.Qxg5 Be4 34.Qg4 Bf5 35.Qg3 Qb4 36.Rbe1 Be4
37.Qh3 Bxg2 38.Kxg2 Qe4+ 39.f3 Qg6+ 40.Qg3 Qh7 41.Rf2 Rf4 42.Ree2 Qh5 43.Rf1 Bxe3
44.Rxe3 R8f5 45.Kh1 Qf7 46.Bc1 Nc5 47.Kg2 Ne4 48.fxe4 Rxf1 49.exf5 Rxc1 50.f6 Rxc2+
51.Kf1 Rc1+ 52.Kf2 d4 53.Rf3 Rc3 54.Rxc3 dxc3 55.Qxc3 gxf6 56.exf6  1/2-1/2

[Event "Kishinev Interzonal (Women)"]
[Site "Kishinev"]
[Date "1995.??.??"]
[Round "8"]
[White "Khorava, Miranda"]
[Black "Gaponenko, Inna"]
[Result "0-1"]
[WhiteElo "2270"]
[BlackElo "2365"]

1.Nf3 d5 2.g3 c6 3.Bg2 Bg4 4.d4 Nf6 5.O-O Nbd7 6.Nbd2 e6 7.Re1 Be7 8.e4 O-O
9.e5 Ne8 10.h3 Bh5 11.b3 Nc7 12.Bb2 f6 13.exf6 Bxf6 14.Qc1 Rc8 15.c4 c5 16.Ne5 cxd4
17.Bxd4 Nb5 18.Bb2 dxc4 19.Ndxc4 Nxe5 20.Bxe5 Nd4 21.Bxb7 Bxe5 22.Rxe5 Qf6
23.Qf1 Be2 24.Rxe2 Nxe2+ 25.Kg2 Rc7 26.Be4 Rcf7 27.f4 Nc3 28.Re1 Qd4 29.Bc2 Rc7
30.Qf3 Nxa2 31.Rxe6 Nb4 32.Rd6 Qc5 33.Bb1 a5 34.Qe4 g6 35.Qe6+ Kh8 36.Ne5 a4
37.Nd7 Qc3 38.Nxf8 Qb2+ 39.Kf3 Qxb1 40.Qf6+ Rg7 41.Ne6 Qf1+ 42.Ke4 Qe2+ 43.Kd4 Qb2+  0-1

[Event "Klatovy op"]
[Site "Klatovy"]
[Date "1995.??.??"]
[Round "5"]
[White "Jurek, Josef"]
[Black "Orsag, Milan"]
[Result "1-0"]
[WhiteElo "2355"]
[BlackElo "2390"]

1.Nf3 d5 2.g3 c5 3.c4 d4 4.b4 Nf6 5.Bg2 Qc7 6.O-O e5 7.d3 cxb4 8.a3 Nc6 9.e3 dxe3
10.fxe3 Bg4 11.Qa4 Bd7 12.axb4 e4 13.dxe4 Nxb4 14.Qb3 Be6 15.Nbd2 Rd8 16.Nd4 Bc5
17.Bb2 O-O 18.Qc3 Na6 19.Rxf6 Bb4 20.Nxe6 Bxc3 21.Nxc7 Bxb2 22.Rfxa6 bxa6
23.Rd1 a5 24.Nd5 a4 25.c5 a3 26.c6 a2 27.Nb3 Rb8 28.c7 g6 29.cxb8=Q Rxb8
30.Nd2 Be5 31.Ne7+ Kg7 32.Nc6 Rb2 33.Nxe5 Rxd2 34.Ra1  1-0

[Event "SLO-chT qual"]
[Site "Kranj"]
[Date "1995.??.??"]
[Round "?"]
[White "Tavzelj, B."]
[Black "Petric, E."]
[Result "1-0"]
[WhiteElo "1880"]
[BlackElo "1850"]

1.Nf3 d5 2.g3 Nf6 3.Bg2 Bf5 4.d3 e6 5.O-O Bd6 6.Nbd2 e5 7.c4 c6 8.cxd5 cxd5
9.e4 dxe4 10.Nh4 Be6 11.Nxe4 Nxe4 12.dxe4 Nc6 13.Nf5 Bxf5 14.exf5 O-O 15.Qg4 Kh8
16.Be3 Qe7 17.a3 Bc5 18.f6 gxf6 19.Be4 f5 20.Qxf5 f6 21.Bxc5  1-0

[Event "SLO-chT qual"]
[Site "Kranj"]
[Date "1995.??.??"]
[Round "?"]
[White "Tavzelj, B."]
[Black "Piskar, R."]
[Result "*"]
[WhiteElo "1880"]
[BlackElo "1850"]

1.Nf3 d5 2.g3 c5 3.Bg2 Nf6 4.d3 Nc6 5.Nbd2 g6 6.O-O Bg7 7.c4 O-O 8.a3 Rb8
9.Rb1 Re8 10.cxd5 Nxd5 11.Ne4 b6 12.Bd2 Bb7 13.Nc3 Nc7 14.Qc1 c4 15.Bh6 Bh8
16.Ne4 Ne6 17.Neg5 Ncd4 18.Re1 Nxf3+ 19.Bxf3 Bxf3 20.Nxf3 Nd4 21.Nxd4 Qxd4
22.Qxc4 Qxc4 23.dxc4 Rbd8 24.Red1 Rd4 25.Rxd4 Bxd4 26.Kf1 a6 27.b4 Bg7 28.Bxg7 Kxg7
29.c5 bxc5 30.bxc5  *

[Event "Kuopio op1"]
[Site "Kuopio"]
[Date "1995.??.??"]
[Round "?"]
[White "Vooremaa, Andres"]
[Black "Ivanov, Mikhail M"]
[Result "0-1"]
[WhiteElo "2305"]
[BlackElo "2450"]

1.Nf3 d5 2.g3 Nf6 3.Bg2 Bg4 4.O-O Nbd7 5.d3 c6 6.Nbd2 e5 7.h3 Bh5 8.e4 Bd6
9.Qe2 O-O 10.Re1 Re8 11.Nf1 Nc5 12.Bg5 dxe4 13.dxe4 Ne6 14.Bxf6 Qxf6 15.c3 Rad8
16.Rad1 Bc7 17.N1h2 Rxd1 18.Rxd1 Rd8 19.b4 Qe7 20.Rd3 f6 21.Qd2 Bf7 22.Ng4 Rxd3
23.Qxd3 Qd8 24.Bf1 Bb6 25.Nd2 Qxd3 26.Bxd3 h5 27.Ne3 Bxe3 28.fxe3 Nc7 29.a4 Kf8
30.Bc4 b5 31.Bxf7 Kxf7 32.axb5 Nxb5 33.Nb1 c5 34.Kf2 Ke7 35.Ke2 c4 36.Kd1 Kd7
37.Kc2 Kc6 38.Nd2 Nd6 39.Kb2 Kb5 40.Ka3 a5 41.bxa5 Kxa5 42.Kb2 Kb5 43.Kc2 Nb7
44.Nb1 Nc5 45.Na3+ Kc6 46.Nxc4 Nxe4 47.Kd3 Nf2+ 48.Ke2 Nxh3 49.e4 Ng5 50.Ke3 Ne6
51.Nd2 Kb5 52.Kd3 Nc5+ 53.Kc2 Ka4 54.Kd1 Ka3 55.Kc2 Ka2 56.c4 Ka3  0-1

[Event "Kuopio op1"]
[Site "Kuopio"]
[Date "1995.??.??"]
[Round "?"]
[White "Bagirov, Vladimir"]
[Black "Erneste, Inguna"]
[Result "1-0"]
[WhiteElo "2530"]
[BlackElo "2290"]

1.Nf3 d5 2.g3 c5 3.Bg2 Nc6 4.d4 e6 5.O-O Nf6 6.b3 Be7 7.Bb2 O-O 8.Nbd2 Bd7
9.e3 Rc8 10.Ne5 Be8 11.f4 Qb6 12.c3 Nd7 13.Kh1 f5 14.Nxd7 Bxd7 15.c4 cxd4
16.cxd5 Na5 17.Bxd4 Bc5 18.Bxc5 Qxc5 19.a3 Qxe3 20.b4 Nc4 21.Nxc4 Rxc4 22.Re1 Qd4
23.Qxd4 Rxd4 24.dxe6 Bc6 25.Bxc6 bxc6 26.Rad1 Rc4 27.Rc1 Rxc1 28.Rxc1 Rc8
29.Rc5  1-0

[Event "Kuopio op1"]
[Site "Kuopio"]
[Date "1995.??.??"]
[Round "?"]
[White "Khropov, Boris"]
[Black "Allekand, Louisa"]
[Result "1-0"]
[WhiteElo "2250"]
[BlackElo "2015"]

1.Nf3 d5 2.g3 Bg4 3.Bg2 Nd7 4.O-O c6 5.d3 Ngf6 6.Nbd2 e6 7.e4 Be7 8.h3 Bxf3
9.Qxf3 O-O 10.Qe2 dxe4 11.dxe4 b5 12.c4 bxc4 13.Nxc4 Nb6 14.Na5 Qc7 15.Bd2 Rac8
16.Rac1 c5 17.b3 Rfd8 18.Bf4 Qd7 19.Rfe1 h6 20.Qa6 Qe8 21.Qxa7 Nfd7 22.Qa6 c4
23.Nb7 Ra8 24.Qb5 Rdc8 25.bxc4 Rxa2 26.c5 Na8 27.Nd6 Bxd6 28.Bxd6 Nc7 29.Qc4 Rd2
30.Qc3 Ra2 31.Qb3 Ra5 32.e5  1-0

[Event "La Coruna TH op"]
[Site "La Coruna"]
[Date "1995.??.??"]
[Round "7"]
[White "Paunovic, Tomislav"]
[Black "Hector, Jonny"]
[Result "1/2-1/2"]
[WhiteElo "2405"]
[BlackElo "2510"]

1.Nf3 d5 2.g3 Bg4 3.Bg2 Nd7 4.d4 e6 5.Nbd2 Ngf6 6.O-O Be7 7.Re1 O-O 8.e4 dxe4
9.Nxe4 Rc8 10.c3 Bf5 11.Nxf6+ Bxf6 12.Bf4 c5 13.Ne5 cxd4 14.cxd4 Rc7 15.Ng4 Rc4
16.Nxf6+ Nxf6 17.Qb3 Rxd4 18.Be3 Rd3 19.Qxb7 Rd7 20.Qa6 Be4 21.Bxe4 Nxe4
22.Qa4 Nd2 23.Bxd2 Rxd2 24.Rad1 h5  1/2-1/2

[Event "La Coruna TH op"]
[Site "La Coruna"]
[Date "1995.??.??"]
[Round "9"]
[White "Kurajica, Mladen"]
[Black "Frois, Antonio"]
[Result "0-1"]
[WhiteElo "2245"]
[BlackElo "2380"]

1.Nf3 d5 2.g3 Nf6 3.Bg2 c6 4.O-O Bg4 5.d4 e6 6.c4 Be7 7.Nc3 O-O 8.cxd5 exd5
9.Bg5 Nbd7 10.Rc1 Re8 11.a3 a5 12.Qc2 Ne4 13.Bxe7 Qxe7 14.e3 Nd6 15.Na4 Qf6
16.Nd2 h5 17.Nc5 Re7 18.Qd3 Bf5 19.Qe2 h4 20.Nxd7 Bxd7 21.Qf3 Qg6 22.Qf4 hxg3
23.hxg3 Bg4 24.Rfe1 Rae8 25.Rc5 Re6 26.f3 Bf5 27.Rxa5 Rf6 28.Qh4 Bc2 29.g4 Qd3
30.Qf2 Qg6 31.Rc5 Rfe6 32.b3 Bd3 33.Bf1 Nb5 34.a4 Nxd4 35.Rc3 Bxf1 36.Nxf1 Qf6
37.e4  0-1

[Event "Lazne Bohdanec"]
[Site "Lazne Bohdanec"]
[Date "1995.??.??"]
[Round "5"]
[White "Barbero, Gerardo F"]
[Black "Meduna, Eduard"]
[Result "1/2-1/2"]
[WhiteElo "2500"]
[BlackElo "2480"]

1.Nf3 d5 2.g3 c6 3.Bg2 Bg4 4.c4 e6 5.b3 Bxf3 6.Bxf3 Nf6 7.Bb2 Bd6 8.O-O Nbd7
9.d4 h5 10.Nc3 h4 11.cxd5 exd5 12.e4 dxe4 13.Bxe4 O-O 14.Bg2 Nb6 15.d5 cxd5
16.Nxd5 Nfxd5 17.Bxd5 hxg3 18.hxg3 Nxd5 19.Qxd5 Qb6 20.Bd4 Qa6 21.Qg5 f6
22.Qd5+ Rf7 23.Rfe1 Qc6 24.Qxc6 bxc6 25.Rac1 Rc7 26.Rc4 Kf7 27.Rec1 Rac8
28.Ra4 c5 29.Be3 Be5 30.Rac4 Bd6 31.Kf1 a6 32.Ke2 Ke6 33.g4 g6 34.Re4+ Kf7
35.Ra4 Rc6 36.Rac4 R6c7 37.Rh1 Ke6 38.Re4+ Kd5 39.f3 Re7 40.Rxe7 Bxe7 41.Rh7 Ke6
42.Kd3 Rb8 43.f4 Bf8 44.Ra7 Rb6 45.Rc7 Bd6 46.Rg7 Rb4 47.Rxg6 Bxf4 48.Bxc5 Rb8
49.Rg7 Kd5 50.Bf2 Rd8 51.Bd4 Rh8 52.Bxf6 Rh3+ 53.Ke2 Bd6 54.Rg5+ Ke4 55.Rf5 Bf4
56.Bd4 Rg3 57.Bf2 Rxg4 58.Ra5 Rg6 59.Ra4+ Ke5 60.Kf3 Bd2 61.Ke2 Bh6 62.Kd3 Rc6
63.Re4+ Kd6 64.b4 Kd7 65.a4 Bf8 66.Rh4 Rh6 67.Rg4 Rh1 68.Rd4+ Kc6 69.Rg4 Bd6
70.Be3 Ra1 71.Rc4+ Kb7 72.a5 Ra3+ 73.Ke4 Ra4 74.Bd2 Bc7 75.Kd5 Bxa5  1/2-1/2

[Event "NLD-ch U26"]
[Site "Leeuwarden"]
[Date "1995.??.??"]
[Round "1"]
[White "Wagenmakers, Eric Jan"]
[Black "Kroeze, Frank M"]
[Result "1/2-1/2"]
[WhiteElo "2270"]
[BlackElo "2400"]

1.Nf3 d5 2.g3 Nf6 3.Bg2 e6 4.d3 Be7 5.O-O O-O 6.Nbd2 c5 7.e4 b5 8.Re1 Nc6
9.e5 Nd7 10.Nf1 Nb6 11.h4 c4 12.d4 c3 13.b3 a5 14.a3 a4 15.b4 f5 16.exf6 Bxf6
17.Ne3 Nc4 18.Ng4 Qb6 19.Nxf6+ Rxf6 20.Bg5 Rf8 21.Qd3 Ra7 22.Qxc3 Raf7 23.Bf4 h6
24.Rad1 Qd8 25.Bc1 Qc7 26.Rf1 Nd8 27.Qd3 Nc6 28.Qc3 Nd8 29.Qd3 Nc6 30.Qc3 Nd8  1/2-1/2

[Event "NLD-ch U26"]
[Site "Leeuwarden"]
[Date "1995.??.??"]
[Round "1"]
[White "Van der Weide, Karel"]
[Black "Boesveld, Marco"]
[Result "1-0"]
[WhiteElo "2345"]
[BlackElo "2240"]

1.Nf3 d5 2.g3 c5 3.Bg2 Nc6 4.O-O Nf6 5.d3 e5 6.Nbd2 Be7 7.e4 O-O 8.c3 Rb8
9.exd5 Nxd5 10.Re1 f6 11.Nh4 Nc7 12.Nc4 g5 13.Nf3 Bf5 14.h4 h6 15.Ne3 Bxd3
16.Qb3+ Kg7 17.Rd1 b5 18.Nf5+ Bxf5 19.Rxd8 Rbxd8 20.Nd2 c4 21.Qd1 Na5 22.b4 Rd3
23.bxa5 Bc5 24.Qe2 Rfd8 25.Ne4 Be7 26.Be3 Nd5 27.Bxa7 gxh4 28.Be3 hxg3 29.Nxg3 Bg6
30.Bxd5 R3xd5 31.Qg4 Rg8  1-0

[Event "Legnica"]
[Site "Legnica"]
[Date "1995.??.??"]
[Round "?"]
[White "Ianov, Viktor"]
[Black "Grechanovskaya, Elena"]
[Result "1-0"]
[WhiteElo "2360"]
[BlackElo "2100"]

1.Nf3 d5 2.g3 Nf6 3.Bg2 Bf5 4.c4 c6 5.cxd5 cxd5 6.Qb3 Qb6 7.Qxb6 axb6 8.Nc3 Nc6
9.d3 e6 10.O-O Bc5 11.Bd2 O-O 12.Nh4 Bg6 13.Nxg6 fxg6 14.Bh3 Nd4 15.Kg2 Rfe8
16.Rfc1 e5 17.Bg5 Rad8 18.e4 dxe4 19.Nxe4 Be7 20.Rc7 Nc6 21.Rxb7 Nxe4 22.Bxe7 Rxd3
23.Ba3 Nd4 24.Re1 Ng5 25.Bd7 Rd8 26.Re3 Rd1 27.Bg4 Nc2 28.Rxe5 Nxa3 29.Bxd1 Rxd1
30.Re8+  1-0

[Event "GER-chJT"]
[Site "Leipzig"]
[Date "1995.??.??"]
[Round "?"]
[White "Ellers, Holger"]
[Black "Breier, Andreas"]
[Result "0-1"]
[WhiteElo "2360"]
[BlackElo "2225"]

1.Nf3 d5 2.g3 Nf6 3.Bg2 e6 4.c4 c6 5.d4 Be7 6.O-O O-O 7.Qc2 Nbd7 8.b3 b6
9.Rd1 Ba6 10.Nc3 Rc8 11.e4 dxc4 12.e5 Nd5 13.Ne4 Nb4 14.Qb1 h6 15.Ba3 cxb3
16.Qxb3 Nd5 17.Bxe7 Qxe7 18.Nd6 Rc7 19.Nh4 Nb8 20.Rac1 Rd8 21.Qa3 Rdd7 22.Bf3 Qf8
23.Be4 Ne7 24.f4 Nc8 25.f5 Nxd6 26.exd6 Qxd6 27.Qf3 e5 28.dxe5 Qxe5 29.Re1 Qf6
30.Ng2 Bb7 31.Ne3 c5 32.Ng4 Qd4+ 33.Kh1 h5 34.Nf2 Bc8 35.Rc2 Qb4 36.Rce2 Re7
37.Qxh5 Nd7 38.Ng4 Rxe4 39.Rxe4 Bb7 40.Nf2 Qxe1+  0-1

[Event "GER-chJT"]
[Site "Leipzig"]
[Date "1995.??.??"]
[Round "?"]
[White "Wilhelmi, Christian"]
[Black "Ellers, Holger"]
[Result "1-0"]
[WhiteElo "2315"]
[BlackElo "2360"]

1.Nf3 d5 2.g3 Bg4 3.Bg2 Nd7 4.O-O c6 5.d3 e6 6.Nbd2 Bd6 7.e4 Ne7 8.Qe1 O-O
9.b3 a5 10.a4 Bb4 11.Bb2 Bxf3 12.Bxf3 Rc8 13.Qe2 Re8 14.Bg2 b5 15.c3 Bd6
16.d4 Qb6 17.Rfd1 Ng6 18.e5 Bf8 19.axb5 cxb5 20.Bf1 Rb8 21.Ra2 Ne7 22.Qg4 f6
23.Nf3 fxe5 24.dxe5 Nc5 25.Nd4 Nc6 26.Bxb5 Nxd4 27.Bxe8 Nf5 28.Ba4 Ne4 29.Rd4 Nxd4
30.cxd4 Bb4 31.Bd7 Kf7 32.Bc1 Rd8 33.Qh5+ Kg8 34.Be8 Qc7 35.Be3 Qe7 36.Bb5 g6
37.Qg4 Rb8 38.Bd3  1-0

[Event "Liechtenstein op"]
[Site "Liechtenstein"]
[Date "1995.??.??"]
[Round "?"]
[White "Vikulov, Alexander"]
[Black "Spiegel, Wilfried"]
[Result "0-1"]
[WhiteElo "2130"]
[BlackElo "2225"]

1.g3 d5 2.Nf3 Nf6 3.Bg2 c5 4.c4 Nc6 5.cxd5 Nxd5 6.Nc3 Nxc3 7.bxc3 g6 8.Qb3 Bg7
9.Ba3 Qa5 10.O-O O-O 11.Rad1 c4 12.Qb2 Rd8 13.h4 Rb8 14.Ng5 Bg4 15.f3 Bd7
16.Ne4 b5 17.Bb4 Nxb4 18.Qxb4 Qxb4 19.cxb4 Bf5 20.Kf2 Bxe4 21.fxe4 Rd6 22.e3 Rbd8
23.Ke2 Ra6 24.e5 Bxe5  0-1

[Event "Linz"]
[Site "Linz"]
[Date "1995.??.??"]
[Round "2"]
[White "Kargl, Kurt"]
[Black "Heimberger, Reinhard"]
[Result "1/2-1/2"]
[WhiteElo "2305"]
[BlackElo "2275"]

1.Nf3 d5 2.g3 g6 3.Bg2 Bg7 4.O-O e5 5.d3 Ne7 6.c4 c6 7.cxd5 cxd5 8.Nc3 O-O
9.Bd2 h6 10.b4 Be6 11.Ne1 f5 12.Na4 b6 13.Rc1 Qd7 14.Qb3 Na6 15.Nc2 Rac8
16.Nb2 Nc7 17.a4 a6 18.Qa3 g5 19.Na1 f4 20.Nb3 g4 21.Rfe1 f3 22.Bf1 Qd6 23.d4 fxe2
24.Rxe2 Ng6 25.Nd3 Rf3 26.dxe5 Bxe5 27.Re3 Rcf8 28.Rxf3 Rxf3 29.Be2 Rf7 30.Nxe5 Qxe5
31.Bf1 d4 32.Qb2 Qd5 33.Nxd4 Ne5 34.Bg2 Nf3+ 35.Nxf3 gxf3 36.Bf1 Qd7 37.Be3 Nd5
38.Qd4 Qxa4 39.Bxh6 Qxb4 40.Qe5 Qg4  1/2-1/2

[Event "Lippstadt"]
[Site "Lippstadt"]
[Date "1995.??.??"]
[Round "11"]
[White "Hoffmann, Michael"]
[Black "Brenke, Andreas"]
[Result "1/2-1/2"]
[WhiteElo "2485"]
[BlackElo "2280"]

1.Nf3 d5 2.g3 c6 3.Bg2 Nf6 4.O-O Bg4 5.b3 Nbd7 6.Bb2 e6 7.d3 Bd6 8.h3 Bxf3
9.Bxf3 O-O 10.Bg2 Qe7 11.e4 dxe4 12.dxe4 e5 13.Qe2 Ne8 14.a4 Nc7 15.Nd2 Bc5
16.Nc4 f6 17.h4 Rfd8 18.Bh3 Ne6 19.c3 a5 20.Kg2 Ndf8 21.h5 Qc7 22.Ne3 Qb6
23.Qc4 Bxe3 24.Bxe6+ Kh8 25.Bc1  1/2-1/2

[Event "Litomysl op"]
[Site "Litomysl"]
[Date "1995.??.??"]
[Round "7"]
[White "Sergeev, Vladimir"]
[Black "Pisk, Petr"]
[Result "1-0"]
[WhiteElo "2415"]
[BlackElo "2275"]

1.Nf3 d5 2.g3 Bg4 3.Bg2 c6 4.b3 Nd7 5.Bb2 Ngf6 6.O-O Bxf3 7.exf3 e6 8.f4 Bd6
9.Re1 O-O 10.d3 Re8 11.Nd2 a5 12.Nf3 a4 13.Ne5 Qb6 14.h4 Bc5 15.d4 Bb4 16.Re3 a3
17.Bc3 c5 18.dxc5 Bxc5 19.Nxd7 Nxd7 20.Re2 Rec8 21.Qd3 Bb4 22.Bd4 Bc5 23.Bc3 Bb4
24.Be1 Nc5 25.Qe3 Bxe1 26.Raxe1 Nd7 27.Qd3 Nc5 28.Qe3 Nd7 29.Qf3 Nf6 30.f5 exf5
31.Qxf5 Rc3 32.g4 g6 33.Qe5 Rac8 34.g5 Ne4 35.Qxd5 Nd6 36.h5 gxh5 37.Rd1 Rd8
38.Re7 Rc5 39.Qd4 h4 40.Kh1 Rb5 41.Qxb6 Rxb6 42.c4 Rc8 43.Rd7 Nxc4 44.bxc4 Rxc4
45.Rxb7 Rg6 46.Ra7 Rxg5 47.Rxa3 Rcg4 48.Bd5  1-0

[Event "Ljubljana op"]
[Site "Ljubljana"]
[Date "1995.??.??"]
[Round "2"]
[White "Zheliandinov, Viktor"]
[Black "Sitnik, Igor"]
[Result "1-0"]
[WhiteElo "2350"]
[BlackElo "2160"]

1.Nf3 d5 2.g3 Nf6 3.Bg2 e6 4.O-O Be7 5.d4 O-O 6.c4 Nbd7 7.Qc2 c6 8.Nbd2 b6
9.e4 Bb7 10.e5 Ne8 11.b3 Rc8 12.Bb2 c5 13.dxc5 Bxc5 14.Rad1 b5 15.Qb1 bxc4
16.bxc4 Ba6 17.cxd5 Bxf1 18.Nxf1 Nc7 19.d6 Nd5 20.Qe4 Re8 21.h4 f5 22.Qe2 h6
23.h5 Nf8 24.Nh4 Nb6 25.Bb7 Rb8 26.Bc6 Nbd7 27.Ba4 f4 28.Nf3 fxg3 29.Nxg3 Nh7
30.Ne4 Bb6 31.Rd3 Rf8 32.Bb3 Qe8 33.Nd4 Nc5 34.Nxc5 Bxc5 35.Qg4 Bxd4 36.Bxd4 Rf5
37.Rg3 Rb7 38.Qxf5  1-0

[Event "Ljubljana op"]
[Site "Ljubljana"]
[Date "1995.??.??"]
[Round "3"]
[White "Sale, Srdjan"]
[Black "Mencinger, Vojko"]
[Result "1/2-1/2"]
[WhiteElo "2445"]
[BlackElo "2390"]

1.Nf3 d5 2.g3 c6 3.Bg2 Bg4 4.c4 e6 5.O-O Nd7 6.cxd5 exd5 7.Nc3 Ngf6 8.d3 Be7
9.h3 Bxf3 10.Bxf3 O-O 11.Bg2 Nc5 12.b4 Ne6 13.Rb1 a6 14.a3 d4 15.Ne4 Nd5
16.Qb3 Qd7 17.Bb2 a5 18.b5 cxb5 19.Qxd5 Qxd5 20.Nf6+ Bxf6 21.Bxd5 Rfd8 22.Bxb7 Rab8
23.Bc6 Rb6 24.Rfc1 Be7 25.Bf3 Nc5 26.Kg2 a4 27.Rc2 Nb3 28.Rc7 Bf8 29.Ra7 g6
30.h4 Bh6 31.h5 Bd2 32.Rh1 Rbb8 33.e3 Bc3 34.Bc1 Nxc1 35.Rxc1 Kg7 36.h6+ Kf8
37.g4 b4 38.Rxa4 b3 39.exd4 b2 40.Rb1 Bxd4 41.Kf1 Ke7 42.Ke2 Kf6 43.Kd2 Kg5
44.Kc2 Kxh6 45.Rc4 Bxf2 46.a4 Rd6 47.Rxb2 Rxb2+ 48.Kxb2 Rxd3 49.Rf4 Kg7 50.Kc2 Rd6
51.Rc4 Be1 52.Re4 Rd2+ 53.Kc3 Rf2+ 54.Kc4 Rxf3 55.Rxe1 Rf4+ 56.Kb5 Rxg4 57.a5 Rd4
58.a6 Rd8 59.a7 h5 60.Kc6 h4 61.Kc7 Rf8 62.Rd1 Ra8 63.Kb7 Rxa7+ 64.Kxa7 g5
65.Kb6 Kf6 66.Kc5 Ke5 67.Re1+ Kf4 68.Rf1+ Ke3 69.Rxf7 h3 70.Rh7 g4 71.Kd5 Kf4
72.Rf7+ Kg3 73.Ke4 h2 74.Rh7 Kg2 75.Kf4 g3 76.Rh8 h1=Q 77.Rxh1 Kxh1 78.Kxg3  1/2-1/2

[Event "Ljubljana op"]
[Site "Ljubljana"]
[Date "1995.??.??"]
[Round "5"]
[White "Sale, Srdjan"]
[Black "Rezonja, Stefan"]
[Result "1-0"]
[WhiteElo "2445"]
[BlackElo "2180"]

1.Nf3 d5 2.g3 c6 3.Bg2 Bg4 4.c4 Nf6 5.cxd5 Bxf3 6.Bxf3 cxd5 7.O-O g6 8.Nc3 e6
9.d3 Nbd7 10.Bf4 a6 11.e4 e5 12.exd5 exf4 13.Re1+ Be7 14.d6 fxg3 15.hxg3 Nc5
16.Bxb7 Qxd6 17.Bxa8 O-O 18.Bg2 Rb8 19.b3 h5 20.Qe2 Re8 21.Qe5 Qd7 22.Nd5 Nxd5
23.Qxd5 Qxd5 24.Bxd5 Nxd3 25.Bc6 Nxe1 26.Bxe8 Nd3 27.Rd1 Ne5 28.Rd5 Nf3+
29.Kg2 Ne1+ 30.Kf1 Nc2 31.Ra5 Nb4 32.a3 Nc2 33.b4  1-0

[Event "Ljubljana op"]
[Site "Ljubljana"]
[Date "1995.??.??"]
[Round "6"]
[White "Petrosian, Arshak B"]
[Black "Sher, Miron N"]
[Result "1/2-1/2"]
[WhiteElo "2435"]
[BlackElo "2510"]

1.Nf3 d5 2.g3 c6 3.Bg2 Bg4 4.c4 e6 5.cxd5 exd5 6.d3 Nf6 7.Nbd2 Be7 8.h3 Bc8
9.O-O O-O 10.a3 a5 11.b3 Na6 12.Bb2 Nd7 13.Qc2 Nc7 14.Nd4 Bf6 15.b4 Ne6 16.Nxe6 fxe6
17.Bxf6  1/2-1/2

[Event "ESP-chJ"]
[Site "Los Barrios"]
[Date "1995.??.??"]
[Round "2"]
[White "Portugues, R."]
[Black "Aranda Marin, Cristian"]
[Result "1-0"]
[WhiteElo "2145"]
[BlackElo "2235"]

1.Nf3 d5 2.g3 Nf6 3.Bg2 c5 4.c4 Nc6 5.cxd5 Nxd5 6.Nc3 Nc7 7.O-O e5 8.d3 Be7
9.Be3 O-O 10.Na4 b6 11.Rc1 Nd5 12.Bd2 Be6 13.Nc3 Rc8 14.Nxd5 Bxd5 15.Bc3 Bf6
16.b3 Nd4 17.Ne1 a5 18.Bxd5 Qxd5 19.e4 Qd7 20.Ng2 Bg5 21.Bxd4 Bxc1 22.Bxe5 Bg5
23.f4 Be7 24.Ne3 Rfd8 25.Nd5 Qe6 26.Qf3 Bf8 27.Bc3 f5 28.h3 fxe4 29.dxe4 Qxh3
30.g4 Qxf3 31.Rxf3 c4 32.Kg2 cxb3 33.axb3 Rc6 34.f5 Kf7 35.g5 Rc5 36.Nxb6 Rb5
37.Nc4 Rxb3 38.Ne5+ Ke8 39.f6 gxf6 40.gxf6 Bd6 41.Bxa5 Rxf3 42.Kxf3 Rc8 43.Nd3 Kf7
44.e5 Bf8 45.Ke4 Bh6 46.Kf5 Rc6 47.Bb4 Bf8 48.Bd2 Rb6 49.Bg5 Rb5 50.Bf4 Ra5
51.Ne1 Rb5 52.Nf3 h6 53.Nh4 Ra5 54.Ng6 Rb5 55.Nxf8 Kxf8 56.Kg6 Rb6 57.Bxh6+ Kg8
58.Be3 Rc6 59.Bd2 Rb6 60.Bc1 Kf8 61.Ba3+ Ke8 62.Bd6  1-0

[Event "POL-chT"]
[Site "Lubniewice"]
[Date "1995.??.??"]
[Round "1"]
[White "Jasnikowski, Zbigniew"]
[Black "Kuczynski, Robert"]
[Result "0-1"]
[WhiteElo "2425"]
[BlackElo "2480"]

1.Nf3 d5 2.g3 c6 3.Bg2 Bg4 4.O-O Nd7 5.d4 Ngf6 6.Nbd2 e6 7.Re1 Be7 8.e4 dxe4
9.Nxe4 h6 10.c3 O-O 11.Qb3 Qb6 12.Nxf6+ Bxf6 13.Bf4 Rfe8 14.Ne5 Nxe5 15.Bxe5 Bxe5
16.Rxe5 Bf5 17.Rae1 Qxb3 18.axb3 Red8 19.b4 a6 20.f4 Kf8 21.Bf3 Bc2 22.Kf2 Bb3
23.Ra5 Ke7 24.Be4 Bd5 25.Bd3 g5 26.fxg5 hxg5 27.c4 Bxc4 28.Bxc4 Rxd4 29.Rc5 Rh8
30.Ke3 Rd6 31.Re2 f6 32.Bd3 Rhd8 33.Rc3 Rd4 34.Bc4 R8d6 35.Rec2 f5 36.h3 e5
37.Rh2 Kf6 38.h4 Re4+ 39.Kf3 g4+ 40.Kf2 Rd2+ 41.Kg1 Re1+ 42.Bf1 Rxf1+ 43.Kxf1 Rxh2  0-1

[Event "POL-chT"]
[Site "Lubniewice"]
[Date "1995.??.??"]
[Round "2"]
[White "Kiedrowicz, Jan"]
[Black "Ilczuk, Piotr"]
[Result "1/2-1/2"]
[WhiteElo "2340"]
[BlackElo "2320"]

1.Nf3 d5 2.g3 e6 3.Bg2 Be7 4.O-O Nf6 5.d3 b5 6.Nbd2 Bb7 7.a4 a6 8.c3 c5 9.Qb3 Qb6
10.axb5 axb5 11.Rxa8 Bxa8 12.c4 Nc6 13.e4 dxe4 14.dxe4 b4 15.e5 Nd7 16.Qe3 O-O
17.Nb3 Qa6 18.Rd1 Rd8 19.Qe2 Qa4 20.Rd3 Na5 21.Nxa5 Qxa5 22.Nd2 Bxg2 23.Kxg2 Qc7
24.f4 Nb6  1/2-1/2

[Event "POL-chT"]
[Site "Lubniewice"]
[Date "1995.??.??"]
[Round "5"]
[White "Slabek, Agnieszka"]
[Black "Litinskaya, Marta I"]
[Result "0-1"]
[WhiteElo "2110"]
[BlackElo "2350"]

1.g3 d5 2.Nf3 c5 3.Bg2 Nc6 4.O-O e5 5.d3 Nf6 6.e4 Be7 7.Nc3 d4 8.Ne2 O-O
9.Nd2 Ne8 10.f4 Nd6 11.Nf3 f6 12.f5 c4 13.Kh1 Bd7 14.Neg1 Rc8 15.Bd2 Qb6
16.Rb1 Qa6 17.Qe2 Qxa2 18.g4 cxd3 19.cxd3 Nf7 20.h4 Nb4 21.g5 Bb5 22.g6 Bxd3
23.gxf7+ Rxf7 24.Qd1 Bxb1 25.Qxb1 Rc2 26.Qxa2 Nxa2 27.Rb1 Bb4 28.Bxb4 Nxb4
29.Ne1 Rc6 30.Bf1 Rfc7 31.Kg2 Rc1 32.Rxc1 Rxc1 33.Ngf3 Rb1 34.Bc4+ Kf8 35.b3 a6
36.Kf1 b5 37.Be6 Rb2 38.Ng1 Ke7 39.Nef3 Kd6 40.Ne2 Nd3 41.Bd5 Kc5 42.h5 h6
43.Nh4 Kb4 44.Nf3 Rb1+ 45.Kg2 Nc5 46.Nexd4 exd4 47.Nxd4 Rxb3 48.Bxb3 Nxb3
49.Ne6 Nd2 50.Nxg7 Nxe4 51.Kf3 Nd6 52.Kf4 a5 53.Ne6 Kc4  0-1

[Event "POL-chT"]
[Site "Lubniewice"]
[Date "1995.??.??"]
[Round "5"]
[White "Zolnierowicz, Krzysztof"]
[Black "Dubiel, Jacek"]
[Result "1-0"]
[WhiteElo "2340"]
[BlackElo "2360"]

1.Nf3 d5 2.g3 Nf6 3.Bg2 e6 4.O-O c5 5.d3 Nc6 6.Nbd2 b6 7.e4 Bb7 8.Re1 Be7
9.c3 Qc7 10.a3 Rc8 11.Qe2 Ba6 12.e5 Nd7 13.h4 O-O 14.Nf1 Rce8 15.Bf4 Qd8
16.N1h2 Kh8 17.Bh3 Qa8 18.h5 Nd8 19.h6 g6 20.Qd2 Qc6 21.Ng4 Bb7 22.d4 Qc7
23.b4 Nc6 24.Bg5 Qd8 25.bxc5 bxc5 26.dxc5 Nxc5 27.Bxe7 Qxe7 28.Rab1 Ne4 29.Qe3 Ba6
30.Nd2 Nxd2 31.Qxd2 Rb8 32.Bf1 Bxf1 33.Rxf1 Qxa3 34.Ra1 Qe7 35.Ra6 Rb6 36.Rxb6 axb6
37.Rb1 Rb8 38.Qe3 b5 39.Ra1 b4 40.cxb4 Rxb4 41.Ra6 Nd8 42.Ra8 d4 43.Qa3 Rb1+
44.Kh2 Qxa3 45.Rxd8+  1-0

[Event "POL-chT"]
[Site "Lubniewice"]
[Date "1995.??.??"]
[Round "11"]
[White "Kveinys, Aloyzas"]
[Black "Wojtkiewicz, Aleksander"]
[Result "1/2-1/2"]
[WhiteElo "2515"]
[BlackElo "2570"]

1.g3 d5 2.Nf3 c6 3.Bg2 Bg4 4.b3 Nd7 5.Bb2 Ngf6 6.O-O e6 7.c4 Be7 8.d3 O-O
9.Nbd2 a5 10.a3 h6 11.Rc1 Bd6 12.h3 Bh5 13.d4 Bg6 14.Ne5 Bh7 15.c5 Bc7 16.f4 Ne4
17.Nxe4 Bxe4 18.Nxd7 Qxd7 19.Rc3  1/2-1/2

[Event "Lvov"]
[Site "Lvov"]
[Date "1995.??.??"]
[Round "7"]
[White "Petrosian, Arshak B"]
[Black "Gritsak, Orest"]
[Result "1/2-1/2"]
[WhiteElo "2435"]
[BlackElo "2365"]

1.Nf3 d5 2.g3 c6 3.Bg2 Nd7 4.d4 Ngf6 5.O-O e6 6.Nbd2 Be7 7.c4 O-O 8.Qc2 b6
9.Rd1 Bb7 10.e4 Rc8 11.b3 Qc7 12.Bb2 Rfd8 13.Rac1 Qb8 14.Re1 h6 15.Rcd1 Qa8
16.Ne5 dxe4 17.Nxd7 Rxd7 18.c5 Rcd8 19.Nxe4 Nxe4 20.Bxe4 bxc5 21.dxc5 Rxd1
22.Rxd1 Rxd1+ 23.Qxd1 Bxc5 24.Qd7 Bf8 25.Bc3 Qc8 26.Qxc8 Bxc8 27.Bxc6 Bd6
28.Bd4 a6 29.f4 f6 30.Kf2 Kf7 31.Ke3 g5 32.Bc3 Bc5+ 33.Bd4 Bd6 34.Bc3 Bc5+  1/2-1/2